Central Library OPAC University of Rajshahi

বাংলা প্রবন্ধ পরিচয় / (Record no. 74123)

MARC details
000 -LEADER
fixed length control field 00855nam a2200229 a 4500
001 - CONTROL NUMBER
control field 74123
003 - CONTROL NUMBER IDENTIFIER
rucl marc code BD-RjUL
005 - DATE AND TIME OF LATEST TRANSACTION
control field 20211209082510.0
008 - FIXED-LENGTH DATA ELEMENTS--GENERAL INFORMATION
fixed length control field 180304s2011 bg ||||| |||| 000 0 ben d
020 ## - INTERNATIONAL STANDARD BOOK NUMBER
International Standard Book Number 9789842001628
Terms of availability Tk. 300.00
035 ## - SYSTEM CONTROL NUMBER
System control number (BD-RjUL)74341
040 ## - CATALOGING SOURCE
Original cataloging agency BD-RjUL
Language of cataloging eng
Transcribing agency BD-RjUL
041 ## - LANGUAGE CODE
Language code of text/sound track or separate title ben
082 ## - DEWEY DECIMAL CLASSIFICATION NUMBER
Edition number 23
Classification number 891.444
Author mark and year SIB 2011
245 #0 - TITLE STATEMENT
Title বাংলা প্রবন্ধ পরিচয় /
Statement of responsibility, etc. সম্পাদক ; জিল্লুর রহমান সিদ্দিকী
260 ## - PUBLICATION, DISTRIBUTION, ETC. (IMPRINT)
Place of publication, distribution, etc. ঢাকা :
Name of publisher, distributor, etc. অ্যাডন পাব ,
Date of publication, distribution, etc. ২০১১
300 ## - PHYSICAL DESCRIPTION
Pagination ২২২ পৃ. ;
Size ২২ সেমি.
650 ## - SUBJECT ADDED ENTRY--TOPICAL TERM
Topical term or geographic name as entry element বাংলা প্রবন্ধ
9 (RLIN) 220358
Topical term or geographic name as entry element Bengali Eassy
9 (RLIN) 220359
700 ## - ADDED ENTRY--PERSONAL NAME
Personal name সিদ্দিকী, জিল্লুর রহমান
942 ## - ADDED ENTRY ELEMENTS (KOHA)
Source of classification or shelving scheme Dewey Decimal Classification
Koha item type Books
Holdings
Lost status Source of classification or shelving scheme Damaged status Not for loan Collection code Permanent Location Current Location Shelving location Date acquired Source of acquisition Cost, normal purchase price Total Checkouts Full call number Date last seen Copy number Koha item type Date checked out
  Dewey Decimal Classification   Not For Loan Non-fiction Central Library, University of Rajshahi Central Library, University of Rajshahi Reading Room 23/03/2017 Rajshahi News Home 300.00   B 891.444 SIB 2011 04/03/2018 C-1 Books  
  Dewey Decimal Classification     Non-fiction Central Library, University of Rajshahi Central Library, University of Rajshahi   23/03/2017 Rajshahi News Home 300.00 1 B 891.444 SIB 2011 09/12/2025 C-2 Books 20/11/2025
  Dewey Decimal Classification     Non-fiction Central Library, University of Rajshahi Central Library, University of Rajshahi   23/03/2017 Rajshahi News Home 300.00   B 891.444 SIB 2011 04/03/2018 C-3 Books